000 00491pab a2200169 454500
008 180718b2003 xxu||||| |||| 00| 0 eng d
100 _aDoeringer, Peter B.
245 _aThe adoption and diffusion of high-performance management: lessons from Japanese multination in the West
260 _c2003
300 _ap.265-86.
362 _aMar
650 _aManagement
700 _aTerkla, David G.
700 _aLorenz, Edward
773 _aCambridge Journal of Economics
909 _a56075
999 _c56075
_d56075